[Event "Hastings 0102 77th"]
[Site "Hastings"]
[Date "2002.01.05"]
[Round "8"]
[White "Kiriakov, Petr"]
[Black "Wells, Peter K"]
[Result "1/2-1/2"]
[WhiteElo "2547"]
[BlackElo "2517"]
[Annotator "Wells,P"]
[PlyCount "88"]
[EventDate "2001.12.29"]
[EventType "tourn"]
[EventRounds "9"]
[EventCountry "ENG"]
[EventCategory "11"]
[SourceTitle "CBM 087"]
[Source "ChessBase"]
[SourceDate "2002.03.21"]
[SourceVersion "1"]
[SourceVersionDate "2002.03.21"]
[SourceQuality "1"]

1. d4 {Golod,V} Nf6 2. c4 e6 3. Nc3 Bb4 4. Qc2 O-O 5. a3 Bxc3+ 6. Qxc3 b5 $5 {
This slightly unlikely looking gambit still succeeds in giving a rather
reckless impression, at least to the uninitiated. In fact it stands at least
on the border-line of respectability. I had been toying with giving it a try
for quite a while, and there seemed no better moment than as a response to a
run which had yielded a mere half a point from the previous 6 games, against
an opponent who had impressed as highly solid and positionally sound. In any
case, anything played by the new industrious Mickey Adams of recent times is
well worth a closer look.} 7. cxb5 c6 8. f3 $5 {This in turn is at least
arguably the sharpest reply. White would like to establish a strong pawn
centre, at the same time avoiding facing the kind of light-square bind typical
of black's strategy in the Nimzo as a whole, and this gambit in particular. I
certainly do not want to give a major theoretical survey here, but the
following might illustrate a few basic ideas:} (8. bxc6 {acceptance is
regarded as a bit risky. In lines such as} Nxc6 9. e3 Bb7 10. Nf3 Rc8 11. Be2
Na5 $1 12. Qb4 Rb8 {[%csl Rb3][%cal Gb7f3] black's development plus translates
into plausible light square threats.}) (8. Bg5 $5 cxb5 9. e3 Bb7 10. f3 (10.
Nf3 h6 11. Bxf6 (11. Bh4 $5) 11... Qxf6 12. Be2 Rc8 (12... Rc8 13. Qd3 a6 14.
O-O Nc6 15. Nd2 Na5 16. Rfc1 Bd5 $11 {0-1 Allen,K-Marusenko,P/Port Erin 1999/
CBM 74 (52)})) 10... h6 11. Bxf6 Qxf6 12. Nh3 (12. Bxb5 Qg5 13. Bf1 Qh4+ 14. g3
Qh5 15. Be2 Rc8 $44 {- Kramnik.}) 12... Rc8 13. Qd2 a6 14. Bd3 d6 15. O-O Nd7
16. Rad1 Nb6 {1/2-1/2 Kramnik,V-Adams,M/Dortmund 1998/CBM 66 (41). with
reasonable play} (16... e5 $5)) 8... Nd5 $1 {It really has to be a strategy of
disruption, gaining time on the white queen (standard Nimzo procedure) and
contesting even now the e4 square.} (8... cxb5 9. e4 {would give black little
to offer against either white's bishop pair or his central control.}) 9. Qd3 f5
{[%csl Ge4] as usual in this opening the light squares are key, and e4 the
chief among them.} 10. e4 Nc7 $5 $13 {- I.Sokolov.} 11. Nh3 Nxb5 $5 $146 {
[%cal Gc8a6,Ga6f1] Strangely this seems to be a new move. My intention was to
promote both mobilisation and light-square counterplay by playing a quick ...
Ba6, hopefully worrying white's queen into conceding another tempo. It seemed
that to capture with the pawn would lead to more static structures, and that
in principle this would favour white's desire to consolodate.} ({My first
thought though was} 11... Qh4+ {but once I saw that} 12. g3 fxe4 {is met with}
13. fxe4 $1 (13. Qxe4 {Golod,V} Qxe4+ 14. fxe4 Nxb5 15. Bxb5 $6 (15. Be3 $5 {
Golod,V}) 15... cxb5 16. Be3 Bb7 17. Nf2 Nc6 $11 {Lauber,A-Tisdall,J/Hallsberg,
1996 (0-1)(33)}) 13... Rxf1+ 14. Rxf1 Qxh3 15. Qf3 $18 {I rightly lost
interest!}) 12. Be3 {Solid.} ({I was more afraid of} 12. Bg5 $5 Qb6 (12... Qa5+
13. b4 Qb6 14. Be7 fxe4 15. fxe4 Rf7 (15... Qxd4 {but not} 16. Qxd4 Nxd4 17.
Bxf8 Nc2+ 18. Kd2 Nxa1 19. Bd6 $16 {[%csl Ra1]}) 16. Bc5 Qd8 17. a4 Nc7 $14 {
and while black's position might have a certain 'hypermodern' appeal based on
his opponent's slight overextension, it all looks a little artificial.}) 13.
Be7 Nxd4 14. Bxf8 Qxb2 15. Rb1 Nc2+ 16. Kd2 Qxb1 17. Bd6 Nxa3 18. Qxa3 Ba6 19.
Qc1 Qa2+ 20. Ke1 {and black's compensation seems to fall short.}) 12... Ba6 13.
Qc2 fxe4 {I started (surprise, surprise) to consume a lot of time around here.
My instinct is still that black should have fair counterchances and the chance
to place his still flexible centre pawns so as to enhance his light-square
aspirations, but it is not automatic. Meanwhile in a mistaken bid to succeed
with piece-play I began looking at too many increasingly unlikely tactical
solutions.} ({If} 13... Qa5+ 14. Qd2 (14. b4 Nxa3) 14... Qxd2+ 15. Kxd2 fxe4
16. fxe4 Nd6 17. Bd3 $14) 14. fxe4 Qh4+ {Not necessarily the right direction
for the queen. On reflection my desire to delay the d-pawn looks quite strange.
Better is} (14... d5 $5 15. Rd1 $5 (15. exd5 exd5 16. Ng5 g6 $132) (15. e5 $2
Qh4+) 15... Nd6 (15... Qa5+ 16. Rd2 $1 (16. Qd2 Qxd2+ 17. Rxd2 Nd6 $132 {
[%csl Gd6][%cal Gd6e4,Gd6c4,Gd6f5]}) 16... Nd6 17. Bxa6 Qxa6 18. Ng5 $1 {
[%csl Re6,Rh7]} Nc4 19. Re2 $1 $16) 16. Bxa6 Nxa6 {bares similarity with the
game, but black has extra flexibility. For example after} 17. Qxc6 Nc4 18.
Qxe6+ Kh8 19. Bf4 $5 Qa5+ $132 {seems to offer interesting play.}) (14... Qf6
15. O-O-O $14 (15. e5 $4 Qxf1+)) 15. Nf2 d5 $5 16. Rd1 $1 {A fine move which I
had underestimated.} Nd6 $5 {Time for some super-honest annotations. Having
broadly failed in my quest for a 'tactical' solution I now believed that this
sacrificial course was the only plausible way to avoid a lifeless position
with positional defects.How much did I see? Well, the broad outlines of
black's counterplay were clear enough (just as well, as the following moves
were perforce played at great speed), but in fact I was more concerned that
Kiriakov would bail out at some stage with a positional plus leaving a black
position difficult to handle in zeitnot. Of course, neither of us had seen 25
Qxa7!} 17. Bxa6 Nxa6 18. Qxc6 $1 (18. O-O Rac8 $13 {[%csl Gd6][%cal Gd6e4,
Gd6f5,Gd6c4] is OK. Black's strategy has worked to the extent that he has
enough light-squares ( a good choice for the knight on d6! ) to compensate his
suspect pawn structure.}) 18... Nc4 19. Qxe6+ Kh8 20. g3 $1 (20. Qg4 $4 Nxe3)
20... Qh5 21. Bf4 Rae8 $1 $138 {The only chance. The rest of the game is
exciting and fast moving, and black's ridiculous time trouble only added to
the general excitement.} 22. Qxa6 g5 $1 23. Be5+ $1 {I will probably stand
accused of trying to elevate a random mess by attempting to explain it in
thematic positional terms, but I was heartened by the fact that when white
attempts to consolidate safely, he still faces some attack on the light
squares.} (23. b3 $6 gxf4 24. bxc4 fxg3 25. hxg3 Rxe4+ $40) (23. g4 Qf7 24. Bg3
Qf3 $17 25. O-O $140 $4 Ne3 $19) 23... Rxe5 $8 24. dxe5 Qf3 $40 {[%csl Ra6,Gc4]
[%cal Ya6c4]} 25. Rd2 $6 {Strangely in this critical position white had a long
pause for thought, but both of us came to the conclusion that black's attack
was just about sufficient despite the rook minus.} ({It is difficult to
demonstrate of course, but I have a strong feeling in this situation ignorance
is bliss. If I had seen 25 Qxa7, my whole attack would have been conducted
with less conviction, and my opponent perhaps alerted to white's best defence.
As it was, although black's play is justified in large measure by the
exclusion of the white queen from the action, the simple defensive capture} 25.
Qxa7 $1 {by which white returns material for the sort of consolidation I had
long feared eluded us both. It looks good, eg.} Ne3 26. Rf1 $1 (26. Rd2 Ng2+
27. Kf1 Ne3+ 28. Ke1 Ng2+ $11) 26... Nxd1 (26... d4 27. e6 Ng2+ 28. Kd2 Qe3+
29. Kc2 d3+ 30. Nxd3 Rc8+ 31. Nc5 $1 Rxc5+ 32. Kb1 Rc1+ 33. Rxc1 Qxa7 34. Rf7
$18 {[%csl Rh8]}) (26... Nxf1 27. Rd3 $1 {[%csl Ge3]} Qg2 28. Qc5 $16) 27. e6
Ne3 28. e7 Re8 (28... Rc8 $6 29. Qc5 $1 $18) 29. Qd7 $1 ({oddly, rather less
clear is} 29. Qc5 dxe4 30. Qe5+ Kg8 31. Qxg5+ (31. Qxe4 Qxe4 32. Nxe4 Rxe7 33.
Nxg5 (33. Nc5 $5 $14) 33... Nxf1+ 34. Kxf1 Rb7 35. b4 Ra7 $13) 31... Kf7 $13)
29... Qf7 30. Rg1 {and black is struggling to prove full compensation,
although white's task still requires care.}) 25... Nxd2 26. Qe2 dxe4 $1 27.
Qxf3 {Now it should be headed for a draw.} ({Especially given the clock
situation I was more concerned about} 27. Kxd2 $1 e3+ 28. Qxe3 Rd8+ 29. Nd3
Qxh1 30. e6 $132 {[%csl Yd3][%cal Ye6e7] Interestingly Kiriakov saw this, but
didn't like the exposed position of his king here.}) 27... Nxf3+ 28. Ke2 {
Golod,V: 'After this mistake black has a forced way to equality.'} ({It can be
recommended:} 28. Kd1 {Golod,V} Re8 29. Nxe4 Rxe5 30. Nc3 Kg7 31. h3 {+/=/+/-})
28... Nd4+ 29. Ke3 Nc2+ {and that I thought was that, but when you have
mustered half a point from the previous 6 games, very little is taken on trust!
} 30. Kxe4 $5 (30. Ke2 Nd4+ 31. Ke3 Nc2+ $11) 30... Rxf2 31. Kd3 Kg7 32. Rc1 (
32. h4 {shouldn't be too threatening. Even} Nxa3 $5 {probably draws.}) 32...
Rxh2 $1 33. Rxc2 Rxc2 34. Kxc2 h5 $1 {and the pawn ending is drawn, reasonably
self-explanatory and easy to negotiate with a hanging flag!} 35. Kd3 Kf7 36.
Ke4 Ke6 37. b4 h4 38. gxh4 gxh4 39. a4 h3 40. Kf3 Kxe5 41. b5 Kd5 42. a5 Kc5
43. b6 axb6 44. axb6 h2 {A very exciting struggle, which unfortunately
reawakened my appetite for chess a little too late to resue my result!} 1/2-1/2

[Event "Rilton Cup 26th"]
[Site "Stockholm"]
[Date "1996.12.??"]
[Round "2"]
[White "Agrest, Evgenij"]
[Black "Yakovich, Yuri"]
[Result "0-1"]
[WhiteElo "2475"]
[BlackElo "2530"]
[Annotator "Yakovich,Y"]
[PlyCount "88"]
[EventDate "1996.12.??"]
[EventType "swiss"]
[EventRounds "9"]
[EventCountry "SWE"]
[SourceTitle "CBM 057"]
[Source "ChessBase"]
[SourceDate "1997.04.01"]
[SourceVersion "1"]
[SourceVersionDate "1997.04.01"]
[SourceQuality "1"]

1. d4 Nf6 2. c4 e6 3. Nc3 Bb4 4. Qc2 O-O 5. a3 Bxc3+ 6. Qxc3 b6 7. Bg5 Bb7 8.
e3 d6 9. f3 Nbd7 10. Nh3 c5 11. e4 $6 {N} (11. O-O-O $6 h6 12. Bh4 d5 $1 13.
dxc5 bxc5 14. Kb1 Qb6 15. Nf2 Rfe8 16. Be2 Rab8 17. Rc1 {Bischoff-Almasi/
Altensteig/1994 Bischoff-Almasi/Altensteig/1994} Ba6 $1 18. Rhd1 dxc4 19. e4
Nd5 $1 20. exd5 exd5 $40 {Dautov}) (11. dxc5 bxc5 12. Be2 $11 (12. O-O-O $6 d5
13. Be2 Qb6 14. Rd2 Rfe8 15. Rhd1 Bc6 16. Kb1 Rab8 17. Bh4 Ba4 18. Rc1 Rec8 19.
Bd1 $2 Qa6 20. Bxf6 Nxf6 21. Nf4 Bxd1 $15 {Xu Jun -Stefansson Moskow 94 olm}))
11... h6 12. Be3 cxd4 $1 13. Qxd4 (13. Bxd4 Rc8 14. Z0 $140 b5) 13... d5 $1 14.
cxd5 (14. e5 Ne8 15. Rd1 Qb8 $1 {[%cal Rb8e5,Ye8c7]} 16. cxd5 (16. Bf4 f6 $1
17. exf6 e5 $19) 16... exd5 $1 (16... Bxd5 $6 17. Bf4) 17. f4) 14... exd5 15.
e5 Ne8 16. Bb5 $1 (16. Bd3 Nc7 $17 {[%cal Rc7e6,Rd7e5]}) 16... Nc7 17. Bxd7
Qxd7 18. O-O Rfe8 $1 19. a4 $2 (19. Bf2 $142 Qf5 20. Bg3 Ne6 21. Qd2 d4 $15)
19... Qf5 $1 $17 20. f4 Ne6 21. Qd1 d4 22. Bd2 (22. Bxd4 Qe4 $19) 22... Rac8
23. Ra3 Rc2 $2 (23... d3 $1 24. Nf2 Red8 25. g4 Nxf4 $1 26. gxf5 Ne2+ 27. Qxe2
dxe2 28. Re1 Rxd2 29. Re3 Rxb2 $19) 24. Nf2 Rc4 $1 (24... Rxb2 $2 25. Nd3 Qe4
26. Rf2 Nxf4 27. Nxf4 (27. Nxb2 Nh3+ 28. Kf1 (28. Rxh3 $1 $18 {I blunded this
move when I played 24...Rc2}) 28... Nxf2 29. Kxf2 Qxg2+ 30. Ke1 Bf3 $19) 27...
Rb1 28. Bc1 Rc8 29. Nd3 Ba6 30. Rc2 Rxc2 31. Qxc2 Qe3+) 25. Qe2 Rec8 26. Qd3
Qxd3 27. Nxd3 Rc2 28. Rf2 Be4 (28... Nc5 $2 29. Nxc5 bxc5 30. Ba5) 29. b4 R8c4
30. h3 (30. f5 Bxf5) (30. Re2 Bxd3 31. Rxd3 Nxf4) 30... Nc7 31. Re2 $2 (31. Be1
Nd5) (31. Kf1 R2c3 32. Bxc3 Bxd3+ $19) (31. Ne1 $8 Rb2 32. Nd3 Bxd3 33. Rxd3
Nd5 $17) 31... R4c3 $1 32. Bxc3 Rxe2 33. Nf2 (33. Bxd4 Rxg2+ 34. Kf1 Rd2 $19)
33... dxc3 34. Rxc3 Nd5 35. Rc4 $138 Bf5 $138 36. Rd4 Re1+ 37. Kh2 Ne3 38. g4
Be6 39. Rd8+ Kh7 40. f5 Bd5 41. Nd3 Rd1 42. Nf4 Bb3 43. Ra8 Rd4 44. e6 Rxf4 0-1

[Event "Excelsior Cup"]
[Site "Gothenburg"]
[Date "2002.01.12"]
[Round "5"]
[White "Barkhagen, Jonas"]
[Black "Yakovich, Yuri"]
[Result "0-1"]
[WhiteElo "2464"]
[BlackElo "2593"]
[Annotator "Yakovich,Y"]
[PlyCount "96"]
[EventDate "2002.01.08"]
[EventType "tourn"]
[EventRounds "9"]
[EventCountry "SWE"]
[EventCategory "9"]
[SourceTitle "EXT 2003"]
[Source "ChessBase"]
[SourceDate "2002.11.25"]
[SourceVersion "1"]
[SourceVersionDate "2002.11.25"]
[SourceQuality "1"]

1. d4 Nf6 2. c4 e6 3. Nc3 Bb4 4. Qc2 O-O 5. a3 Bxc3+ 6. Qxc3 b6 7. Bg5 Bb7 8.
f3 h6 9. Bh4 d5 10. e3 Re8 11. Bd3 Nbd7 12. cxd5 Nxd5 $1 13. Bxd8 Nxc3 14. bxc3
(14. Bxc7 $6) (14. Bh4 Nd5 15. e4 $140 $2 Nf4 $17) 14... Rexd8 15. O-O-O (15.
Ne2 Ne5 $1) 15... c5 16. Ne2 Rac8 17. Kb2 Kf8 $1 18. Bb5 Ke7 19. e4 a6 $15 20.
Bxd7 (20. Ba4 b5 21. Bb3 Nb6 $15) 20... Rxd7 21. dxc5 Rxc5 22. Rxd7+ Kxd7 23.
Nf4 Rb5+ 24. Kc2 Ra5 25. Kb3 g5 $1 26. Nh5 (26. Ne2 g4 $1 $15) 26... Ke7 27.
Re1 Rb5+ $1 28. Kc2 Bc6 $1 29. c4 Re5 $1 30. Kb3 b5 $1 (30... f5 $6 31. Ng3 $11
) 31. cxb5 Rxb5+ 32. Kc3 a5 $1 33. e5 Rc5+ $1 (33... a4 $2 34. Nf6 Rb3+ 35. Kd4
Rxa3 36. Rc1 $13) 34. Kb3 Bd5+ 35. Ka4 (35. Kb2 Rb5+ 36. Kc2 Rb3 $19) 35... Rc2
$1 36. Rg1 Re2 37. Kxa5 Rxe5 38. Kb4 Re2 39. a4 Rb2+ 40. Kc5 Ra2 41. Ng3 (41.
Kb5 Kd6 $17) 41... Rxa4 $1 42. Nf5+ exf5 43. Kxd5 Kf6 $19 44. g3 (44. Rb1 Ra2
45. Rg1 Rd2+ 46. Kc4 Ke5 47. Kc3 Ra2 48. Kd3 Kf4) 44... Ra2 45. h4 Rf2 46.
hxg5+ hxg5 47. f4 gxf4 48. gxf4 (48. Kd4 Kg5) 48... Rxf4 0-1

[Event "Pardubice Czech op-A"]
[Site "Pardubice"]
[Date "2009.07.26"]
[Round "3"]
[White "Golichenko, Ilja"]
[Black "Zakhartsov, Viacheslav V"]
[Result "1-0"]
[WhiteElo "2420"]
[BlackElo "2541"]
[Annotator "Zakhartsov,Vi"]
[PlyCount "127"]
[EventDate "2009.07.24"]
[EventType "swiss"]
[EventRounds "9"]
[EventCountry "CZE"]
[SourceTitle "EXT 2010"]
[Source "ChessBase"]
[SourceDate "2010.11.25"]
[SourceVersion "1"]
[SourceVersionDate "2010.11.25"]
[SourceQuality "1"]

1. d4 Nf6 2. c4 e6 3. Nc3 Bb4 4. Qc2 O-O 5. a3 Bxc3+ 6. Qxc3 d6 7. Bg5 Nbd7 8.
e3 b6 9. Bd3 h6 10. Bh4 Ba6 {Here the bishop has more active possibilities
than on b7.} 11. Ne2 (11. Nf3 $5) 11... Rc8 (11... c5 {also was possible, and
after} 12. Qc2 Rc8 13. Qa4 cxd4 14. Bxf6 Nc5 $1 {(as we will see, I have
applied a similar idea in the game)} 15. Bxd8 Nxa4 16. Be7 Rfe8 17. Bxd6 Nxb2
18. Nc1 Red8 19. Be5 Nxd3+ 20. Nxd3 dxe3 {[%emt 0:33:20] Black has obtained 3
pawns for the piece, Van Wely-Iordachescu, Neum.}) 12. O-O (12. b4 c5 13. dxc5
bxc5 14. b5 Bb7 15. O-O Ne5 {with mutual chances.}) 12... c5 13. Qb3 d5 14. Qa4
(14. Rac1 {is wrong:} b5 {!} 15. cxb5 c4) 14... cxd4 (14... dxc4 15. Bxc4 Bxc4
16. Qxc4 Qc7 {and the position is close to equality (Volzhin-Szabo, Budapest
2000), but Black already claims on more than equality.}) 15. Bxf6 Nc5 $5 (15...
gxf6 {was not worse:} 16. exd4 (16. Qxa6 Nc5 17. Qb5 a6 18. Qb4 Nxd3 19. Qd2
dxc4 20. exd4 Kh7 {[%emt 0:33:17] , and Black is a pawn up, Hoang-Lukacs,
Budapest.}) 16... Bxc4 (16... dxc4 17. Qxa6 Nb8 18. Qb5 a6 19. Qh5 cxd3 20. Nf4
Kh7 21. d5 {, and White has a strong initiative for the pawn.}) 17. Bxc4 Rxc4
18. Qxa7 Rc2 19. Rfe1 Rxb2 20. Rab1 {and White has little compensation for the
pawn.}) 16. Bxd8 (16. Qxa6 gxf6 {led to 15...gxf6 16.Qa6 by transposition.})
16... Nxa4 17. Be7 Rfe8 18. Bb4 Nxb2 19. Bc2 d3 (19... dxe3 20. fxe3 Nxc4 21.
Bd3 Bb7 22. Kf2 {led to unclear play, for example:} Ne5 23. Bb5 Ng4+ 24. Kg1
Nxe3 25. Bxe8 Nxf1 26. Bxf7+ Kxf7 27. Rxf1+ Kg8 28. Nf4) 20. Rfb1 dxc2 (20...
dxe2 21. Rxb2 Rxc4 22. Bb3 Rc7 23. f3 Rec8 24. Re1 Rc1 25. Kf2 {was also
unclear.}) 21. Rxb2 Rxc4 22. Rc1 (22. Nc1 $2 d4 23. exd4 Rxd4 24. f3 Rd1+ 25.
Kf2 Rc8 {and Black is clearly better.}) 22... Rxb4 {Black has nothing better,
and a position with another equal material correlation arises.} 23. axb4 Bxe2
24. Rbxc2 Bc4 25. f3 a5 26. bxa5 bxa5 27. Ra1 a4 28. Rc3 Bb3 29. Rc7 g5 30. Kf2
Rd8 31. Ke2 d4 32. e4 (32. exd4 Rxd4 33. Ke3 Rd8 {with equality.}) 32... d3+
33. Kd2 Kg7 (33... Bc2 $1 {was more accurate.}) 34. Rb1 {Now this rook
inevitably penetrates to 7th rank.} Kg6 35. Rc3 Bc2 36. Rb7 f5 37. Rc6 Re8 $2 {
A terrible mistake. I completely forgotten about} (37... Bb3 38. exf5+ Kxf5 39.
Rc5+ Kg6) 38. g4 $1 {Suddenly I found out myself in trouble.} fxg4 39. fxg4 Kf6
$2 {Decisive mistake.} (39... h5 40. h3 hxg4 41. hxg4 Bb3 42. Kxd3 Rd8+ 43. Ke3
Rd1 44. Rcc7 Kf6 45. Rf7+ Ke5 46. Rb5+ Kd6 47. Ra7 Re1+ {left some chances to
save this ending.}) 40. Rc5 Kg6 (40... Re7 41. e5+ Kf7 42. Rcc7 Rxc7 43. Rxc7+
Kg6 44. Rc6 Kf7 45. Ra6 {also should not to save the game.}) 41. e5 h5 42. h3
hxg4 43. hxg4 Bb3 44. Rcc7 {After doubling of rooks Black's position is
hopeless.} Rg8 45. Re7 Kh6 46. Ra7 Kg6 47. Kxd3 Kh6 48. Kc3 Rc8+ 49. Kb2 Rg8
50. Ka3 Kg6 51. Rf7 Kh6 52. Rf6+ Rg6 53. Rxg6+ Kxg6 54. Rxa4 {!} Bd1 (54...
Bxa4 55. Kxa4 Kf7 56. Kb5 Ke7 57. Kc6 {winning.}) 55. Rd4 Bf3 56. Kb4 Kf7 57.
Kc5 Ke7 58. Rd2 Bxg4 59. Rg2 Bf3 60. Rxg5 Kf7 61. Kd6 Bd5 62. Rg4 Bb3 63. Rf4+
Ke8 64. Rf6 1-0

[Event "Cappelle op 27th"]
[Site "Cappelle la Grande"]
[Date "2011.02.28"]
[Round "4"]
[White "Bernadskiy, Vitaliy"]
[Black "Zakhartsov, Viacheslav V"]
[Result "1-0"]
[WhiteElo "2438"]
[BlackElo "2602"]
[Annotator "Zakhartsov,Vi"]
[PlyCount "139"]
[EventDate "2011.02.26"]
[EventType "swiss"]
[EventRounds "9"]
[EventCountry "FRA"]
[SourceTitle "CBM 141"]
[Source "ChessBase"]
[SourceDate "2011.03.17"]
[SourceVersion "1"]
[SourceVersionDate "2011.03.17"]
[SourceQuality "1"]

1. d4 Nf6 2. c4 e6 3. Nc3 Bb4 4. Qc2 O-O 5. a3 Bxc3+ 6. Qxc3 d6 7. Bg5 Nbd7 8.
f3 h6 (8... b6 9. e4 c5 10. Nh3 h6 11. Be3 Ba6 12. Rd1 Qc7 13. dxc5 bxc5 14.
Qd2 Ne8 {...1/2-1/2 Khismatullin-Zakhartsov, Voronezh 2009}) 9. Bh4 b6 10. e4
c5 11. dxc5 bxc5 12. Bd3 Qb6 13. Rd1 {?!} (13. Ne2) 13... Rb8 (13... d5 $1 {
was very strong:} 14. Ne2 (14. cxd5 exd5 15. exd5 Re8+ 16. Be2 Bb7 17. Qc1 Nxd5
{with a tremendous advantage in development.}) 14... d4 15. Qc2 a5 {with
Black's advantage.}) 14. Rd2 Ba6 ({Again missing} 14... d5 $1 15. Ne2 (15. cxd5
exd5 16. exd5 Nxd5) 15... d4 16. Qc2 e5) 15. Ne2 Qb3 $2 {A very bad idea.} (
15... Rfe8 {would be a last opportunity to prepare d5:} 16. O-O d5 {Strangely
enough, I had not paid attention to this idea 3 moves before.}) 16. Qxb3 Rxb3
17. Nc1 Rb6 18. b3 {Now White has a simple game. His b-pawn is protected,
whereas Black's pieces are tied down to the defence of the d6-pawn.} Bb7 19.
O-O a5 $2 {A decisive positional mistake, linked to the miscalculation on the
next move.} 20. a4 Rc8 {I had intended to play} (20... d5 21. exd5 exd5 22.
cxd5 Bxd5 {, overlooking} 23. Bb5 {!} (23. Bc2 c4 {with counterplay}) 23... Bc6
24. Be2 {with a big advantage.}) 21. Rfd1 Kf8 22. Bc2 Ne8 23. Ne2 {The white
knight inevitably penetrates on the outpost b5 (19...a5?), exerting additional
pressure on d6.} f6 24. Nc3 Ke7 25. Nb5 Ne5 26. f4 Ng6 27. Bg3 e5 28. f5 Nh8
29. Bf2 Nf7 30. h4 Ra6 31. g4 Bc6 32. Be3 Bb7 33. Kf2 Ba8 34. Kf3 Rb6 35. Rg1 {
Preparing the breakthrough g4-g5.} Kf8 36. Rdg2 Ra6 37. Rh1 Bb7 38. g5 hxg5 39.
hxg5 fxg5 40. Bxg5 Nxg5+ 41. Rxg5 Kf7 42. Rhg1 Rb6 43. Ke3 Kf8 44. Bd1 Ba6 45.
f6 $1 Rb7 (45... gxf6 46. Rg8+ Ke7 47. Rh1 Kf7 48. Rhh8 {and White wins.}) (
45... Nxf6 46. Rxg7) 46. fxg7+ (46. Rh5 {would win faster:} Kg8 (46... gxf6 47.
Rh8+ Ke7 48. Bh5) 47. Bg4 Nxf6 48. Be6+ Rf7 49. Nxd6 Nxh5 50. Bxf7+ Kf8 51.
Bxh5) 46... Rxg7 47. Rxg7 Nxg7 48. Nxd6 Rc6 49. Rf1+ Kg8 (49... Ke7 50. Rf7+
Kxd6 51. Rxg7) 50. Nf7 Re6 51. Ng5 Rg6 52. Nf3 {Winning the 2nd pawn.} Rg3 (
52... Re6 53. Rg1 Kf8 54. Rg5) 53. Kf2 Rg4 54. Bc2 Ne6 55. Nxe5 Rf4+ 56. Ke1
Rxf1+ 57. Kxf1 Bb7 58. Nf3 Kf7 59. Kf2 Ke7 60. Ke3 Ba8 61. Bd1 Bb7 62. Ne5 Ng5
63. Bf3 Kd6 64. Nd3 Nxf3 65. Kxf3 Bc8 66. e5+ Kc6 67. Kf4 Bh3 68. Kg5 Bg2 69.
e6 Kd6 70. Kf6 1-0